[Event "Brno Trade op-A 37th"]
[Site "Brno"]
[Date "2012.08.28"]
[Round "4"]
[White "Dambrauskas, Virginijus A"]
[Black "Dubina, Pavel"]
[Result "1-0"]
[WhiteElo "2322"]
[BlackElo "2140"]
[PlyCount "99"]
[EventDate "2012.08.26"]
[EventType "swiss"]
[EventRounds "9"]
[EventCountry "CZE"]
[SourceTitle "CBM 150 Extra"]
[Source "ChessBase"]
[SourceDate "2012.10.19"]
[SourceVersion "1"]
[SourceVersionDate "2012.10.19"]
[SourceQuality "1"]

1. Nf3 g6 2. c4 Bg7 3. Nc3 e5 4. d4 exd4 5. Nxd4 Nc6 6. Nxc6 bxc6 7. g3 Ne7 8. Bg2 0-0 9. 0-0 a5 10. Bg5 h6 11. Bd2 Ba6 12. b3 Nf5 13. Rc1 Qe7 14. Na4 d5 15. Bc3 Bxc3 16. Rxc3 dxc4 17. bxc4 Rad8 18. Qe1 Qb4 19. Bxc6 Nd4 20. a3 Qd6 21. Bg2 Rfe8 22. e3 Ne6 23. Qc1 Ng5 24. Nb2 Qe6 25. Qc2 Qf6 26. f4 Ne4 27. Rd3 Rxd3 28. Nxd3 Qc3 29. Qxc3 Nxc3 30. Ne5 f6 31. Nxg6 Rxe3 32. Rc1 Bxc4 33. Bf1 Bxf1 34. Kxf1 Nd5 35. Rc5 Kf7 36. Nh4 Ke6 37. Rxa5 Rc3 38. Ra6+ c6 39. Kf2 Rc2+ 40. Kf3 f5 41. Ng6 Nf6 42. Ne5 Kd5 43. Nd3 Kd4 44. Nb4 Rc3+ 45. Ke2 Nd5 46. Rxc6 Re3+ 47. Kf2 Nxb4 48. axb4 Rb3 49. Rxh6 Rb2+ 50. Kf3 1-0

[Event "Brno Trade op-A 37th"]
[Site "Brno"]
[Date "2012.08.26"]
[Round "1"]
[White "Dubina, Pavel"]
[Black "Sarson, Ondrej"]
[Result "1-0"]
[WhiteElo "2140"]
[BlackElo "1778"]
[PlyCount "57"]
[EventDate "2012.08.26"]
[EventType "swiss"]
[EventRounds "9"]
[EventCountry "CZE"]
[SourceTitle "CBM 150 Extra"]
[Source "ChessBase"]
[SourceDate "2012.10.19"]
[SourceVersion "1"]
[SourceVersionDate "2012.10.19"]
[SourceQuality "1"]

1. c4 c6 2. Nf3 d5 3. e3 Nf6 4. d4 a6 5. Nc3 Nbd7 6. Bd3 dxc4 7. Bxc4 Nb6 8. Bb3 Bg4 9. Bxf7+ Kxf7 10. Ne5+ Ke8 11. Nxg4 Nbd5 12. Ne5 e6 13. 0-0 Bd6 14. Nf3 h6 15. Qd3 Qe7 16. e4 Nxc3 17. bxc3 e5 18. dxe5 Bxe5 19. Nxe5 Qxe5 20. f4 Qe7 21. e5 Nd5 22. c4 Nc7 23. Ba3 Qd7 24. Qe4 Qf7 25. f5 Rd8 26. Rab1 Rb8 27. Bd6 Kd8 28. e6 Qf6 29. Qf4 1-0

[Event "CZE-chT2E 1112"]
[Site "Czech Republic"]
[Date "2012.03.25"]
[Round "10.4"]
[White "Dubina, Pavel"]
[Black "Omelka, Roman"]
[Result "1/2-1/2"]
[WhiteElo "2161"]
[BlackElo "2115"]
[PlyCount "104"]
[EventDate "2011.10.09"]
[EventType "team-tourn"]
[EventRounds "11"]
[EventCountry "CZE"]
[SourceTitle "EXT 2013"]
[Source "ChessBase"]
[SourceDate "2012.11.22"]
[SourceVersion "1"]
[SourceVersionDate "2012.11.22"]
[SourceQuality "1"]
[WhiteTeam "Zlin III"]
[BlackTeam "Stare Mesto III"]
[WhiteTeamCountry "CZE"]
[BlackTeamCountry "CZE"]

1. c4 Nf6 2. Nc3 g6 3. g3 Bg7 4. Bg2 0-0 5. e4 d6 6. Nge2 e5 7. d3 Nbd7 8. h3 c6 9. 0-0 Re8 10. b4 Nb6 11. a4 a5 12. bxa5 Rxa5 13. Be3 Nbd7 14. Nc1 Nf8 15. Nb3 Ra8 16. Qc2 Ne6 17. Kh2 Nh5 18. Bf3 Nhf4 19. Ne2 Nxh3 20. Qd2 Nhf4 21. Ra2 Nxe2 22. Bxe2 Qe7 23. Rh1 f5 24. Kg2 Rf8 25. Bh6 f4 26. Bxg7 Qxg7 27. Bg4 Qf6 28. f3 fxg3 29. Kxg3 Ng5 30. Qe3 Bxg4 31. Kxg4 Qxf3+ 32. Qxf3 Nxf3 33. Rb1 Rf7 34. a5 h5+ 35. Kg3 Nd4 36. Nxd4 exd4 37. Rb6 Rc7 38. Kf4 Kg7 39. Kg5 Re8 40. a6 bxa6 41. Raxa6 Re5+ 42. Kh4 Rc5 43. Ra8 Kh7 44. Rd8 d5 45. cxd5 cxd5 46. exd5 Rc1 47. Re6 Rf7 48. Kg3 Rcf1 49. d6 R1f3+ 50. Kg2 Rf2+ 51. Kg1 Rf1+ 52. Kg2 R7f2+ 1/2-1/2

[Event "CZE-chT2E 1112"]
[Site "Czech Republic"]
[Date "2011.12.04"]
[Round "4.4"]
[White "Dubina, Pavel"]
[Black "Fojtik, Tomas"]
[Result "1/2-1/2"]
[WhiteElo "2161"]
[BlackElo "2083"]
[PlyCount "106"]
[EventDate "2011.10.09"]
[EventType "team-tourn"]
[EventRounds "11"]
[EventCountry "CZE"]
[SourceTitle "EXT 2013"]
[Source "ChessBase"]
[SourceDate "2012.11.22"]
[SourceVersion "1"]
[SourceVersionDate "2012.11.22"]
[SourceQuality "1"]
[WhiteTeam "Zlin III"]
[BlackTeam "Prusanky Podluzan"]
[WhiteTeamCountry "CZE"]
[BlackTeamCountry "CZE"]

1. d4 d5 2. Nf3 Nf6 3. Bf4 e6 4. e3 b6 5. Nbd2 Bb7 6. Be2 Nbd7 7. 0-0 Be7 8. c4 0-0 9. Rc1 c5 10. Bg3 Rc8 11. cxd5 Nxd5 12. a3 cxd4 13. Rxc8 Qxc8 14. Nxd4 Qa8 15. Nb5 N5f6 16. Bf3 Bxf3 17. Qxf3 Nd5 18. Rc1 Rc8 19. Qd1 a6 20. Nd6 Rc6 21. e4 Bxd6 22. exd5 Rxc1 23. Qxc1 Qxd5 24. Qc8+ Nf8 25. Nf1 Bxg3 26. hxg3 a5 27. Ne3 Qd7 28. Qb8 Qb5 29. Nd1 Qb3 30. Qd8 h6 31. Qd4 e5 32. Qd8 Qb5 33. Ne3 Qxb2 34. Nd5 f6 35. Qe8 Qe2 36. Ne7+ Kh7 37. f3 Qc4 38. Qxf8 b5 39. Qe8 b4 40. Qg6+ Kh8 41. Nf5 Qc7 42. axb4 axb4 43. Qe8+ Kh7 44. Qe6 Qb7 45. Ne7 Qb8 46. Qf5+ Kh8 47. Kh2 b3 48. Qb1 Qb7 49. Nf5 Qc8 50. Ne3 Qc3 51. Nd1 Qc2 52. Qa1 Kg8 53. Qa8+ Kf7 1/2-1/2

[Event "Brno Trade op"]
[Site "Brno"]
[Date "2011.08.28"]
[Round "9"]
[White "Pekarkova, Eva"]
[Black "Dubina, Pavel"]
[Result "1/2-1/2"]
[WhiteElo "1980"]
[BlackElo "2161"]
[PlyCount "49"]
[EventDate "2011.08.21"]
[EventType "swiss"]
[EventRounds "9"]
[EventCountry "CZE"]
[SourceTitle "CBM 144 Extra"]
[Source "ChessBase"]
[SourceDate "2011.10.28"]
[SourceVersion "1"]
[SourceVersionDate "2011.10.28"]
[SourceQuality "1"]

1. e4 e6 2. d4 d5 3. Nd2 c5 4. c3 Nc6 5. exd5 exd5 6. Ngf3 Bd6 7. dxc5 Bxc5 8. Nb3 Bb6 9. Bb5 Nge7 10. 0-0 0-0 11. Nbd4 Bg4 12. Be2 Qd6 13. Be3 Bxf3 14. Bxf3 Bxd4 15. Bxd4 Nf5 16. Qb3 Rfd8 17. Rad1 Nfxd4 18. cxd4 g6 19. g3 b5 20. Rd2 Rab8 21. Bg2 a5 22. Rc1 a4 23. Qd1 Ne7 24. Rc5 Qf6 25. a3 1/2-1/2